Central Library OPAC University of Rajshahi

তীরের অন্বেষায় : (Record no. 36765)

MARC details
000 -LEADER
fixed length control field 00868nam a2200229 a 4500
001 - CONTROL NUMBER
control field 36765
003 - CONTROL NUMBER IDENTIFIER
rucl marc code BD-RjUL
005 - DATE AND TIME OF LATEST TRANSACTION
control field 20211209052534.0
008 - FIXED-LENGTH DATA ELEMENTS--GENERAL INFORMATION
fixed length control field 160425s2012 bg a|||| |||| 001 0 ben d
020 ## - INTERNATIONAL STANDARD BOOK NUMBER
International Standard Book Number 9847000002082
Terms of availability : Tk. 350.00
035 ## - SYSTEM CONTROL NUMBER
System control number (BD-RjUL) 36867
040 ## - CATALOGING SOURCE
Original cataloging agency BD-RjUL
Language of cataloging ben
Transcribing agency BD-RjUL
041 ## - LANGUAGE CODE
Language code of text/sound track or separate title ben
082 ## - DEWEY DECIMAL CLASSIFICATION NUMBER
Classification number 954.9205
Author mark and year ROT 2012
Edition number 23
100 ## - MAIN ENTRY--PERSONAL NAME
Personal name রায়, অজয়
9 (RLIN) 112154
245 10 - TITLE STATEMENT
Title তীরের অন্বেষায় :
Remainder of title স্বাধীন বাংলাদেশ /
Statement of responsibility, etc. অশোক মিত্র
260 ## - PUBLICATION, DISTRIBUTION, ETC. (IMPRINT)
Place of publication, distribution, etc. ঢাকা :
Name of publisher, distributor, etc. সাহিত্য প্রকাশ,
Date of publication, distribution, etc. ২০১২
300 ## - PHYSICAL DESCRIPTION
Pagination ২৩২ পৃ. ;
Size ২২ সেমি.
651 ## - SUBJECT ADDED ENTRY--GEOGRAPHIC NAME
Geographic name বাংলাদেশ
Materials specified
General subdivision ইতিহাস
Chronological subdivision ১৯৪৭-১৯৭১
9 (RLIN) 123815
Geographic name Bangladesh
General subdivision History
Chronological subdivision 1947-1971
9 (RLIN) 123816
942 ## - ADDED ENTRY ELEMENTS (KOHA)
Source of classification or shelving scheme Dewey Decimal Classification
Koha item type Books
Holdings
Lost status Source of classification or shelving scheme Damaged status Not for loan Collection code Permanent Location Current Location Shelving location Date acquired Source of acquisition Cost, normal purchase price Total Checkouts Full call number Date last seen Copy number Koha item type Date checked out
  Dewey Decimal Classification   Not For Loan Non-fiction Central Library, University of Rajshahi Central Library, University of Rajshahi Reading Room 28/04/2014 Jatiya Shahito Prakash,Dhaka 350.00   B 954.9205 ROT 2012 24/04/2016 C-1 Books  
  Dewey Decimal Classification     Non-fiction Central Library, University of Rajshahi Central Library, University of Rajshahi   28/04/2014 Jatiya Shahito Prakash,Dhaka 350.00 1 B 954.9205 ROT 2012 10/03/2019 C-2 Books 19/02/2019
  Dewey Decimal Classification     Non-fiction Central Library, University of Rajshahi Central Library, University of Rajshahi   28/04/2014 Jatiya Shahito Prakash,Dhaka 350.00   B 954.9205 ROT 2012 24/04/2016 C-3 Books